Loading...
| Current Events | 1 | 30.00 | 100% | 100% | 100% |
| Fine Arts - Auditory Fine Arts | 3 | 10.00 | 67% | 33% | 0% |
| Fine Arts - Other Fine Arts | 3 | 13.33 | 100% | 33% | 0% |
| Fine Arts - Visual Fine Arts | 2 | 10.00 | 100% | 0% | 0% |
| Geography | 1 | 10.00 | 100% | 0% | 0% |
| History - American History | 5 | 16.00 | 100% | 60% | 0% |
| History - European History | 4 | 17.50 | 75% | 50% | 50% |
| History - Other History | 3 | 13.33 | 100% | 33% | 0% |
| History - World History | 5 | 16.00 | 80% | 60% | 20% |
| Literature - American Literature | 2 | 15.00 | 0% | 100% | 50% |
| Literature - British Literature | 3 | 13.33 | 100% | 33% | 0% |
| Literature - World Literature | 2 | 5.00 | 50% | 0% | 0% |
| Mythology | 3 | 13.33 | 67% | 67% | 0% |
| Other Academic | 1 | 20.00 | 100% | 100% | 0% |
| Philosophy | 4 | 10.00 | 75% | 0% | 25% |
| Religion | 3 | 16.67 | 67% | 67% | 33% |
| Science - Biology | 4 | 17.50 | 75% | 50% | 50% |
| Science - Chemistry | 3 | 16.67 | 100% | 67% | 0% |
| Science - Other Science | 1 | 10.00 | 100% | 0% | 0% |
| Science - Physics | 3 | 13.33 | 67% | 0% | 67% |
| Social Science | 3 | 10.00 | 100% | 0% | 0% |